[Event "ch-AUS"]
[Site "Adelaide AUS"]
[Date "2004.01.09"]
[Round "10"]
[White "Xie,G"]
[Black "Smerdon,D"]
[Result "0-1"]
[WhiteElo "2238"]
[BlackElo "2427"]

1.e4 e6 2.d4 d5 3.Nd2 Be7 4.Ngf3 Nf6 5.Bd3 c5 6.dxc5 dxe4 7.Nxe4 Nxe4 8.Bxe4 Qxd1+
9.Kxd1 Bxc5 10.Ke2 Nd7 11.Rd1 Ke7 12.Nd4 f5 13.Bf3 Bxd4 14.Rxd4 e5 15.Rh4 e4
16.Bh5 Rg8 17.Bg5+ Nf6 18.Ke3 h6 19.Bxf6+ Kxf6 20.Be2 Be6 21.f4 Rac8 22.c3 Rgd8
23.g4 Rd6 24.gxf5 Bxf5 25.Rd1 Rxd1 26.Bxd1 Rh8 27.Bg4 g5 28.Bxf5 gxh4 29.Bxe4 h3
30.b3 b6 31.c4 Rd8 32.Bd5 h5 33.Kf3 Rd7 34.Kg3 Kf5 35.Kxh3 Kxf4 36.Kh4 Kf5
37.h3 Re7 38.Bf3 a5 39.Bd1 Rd7 40.Bc2+ Kf4 41.a3 Rd2 42.Bg6 Rb2 43.a4 Rxb3
44.Be8 Rc3 45.Bf7 Ra3 46.Be8 Rc3 47.Bf7 Ke5 48.Bd5 Kd4 49.Be6 Rxc4 50.Bxc4 Kxc4
51.Kxh5 b5 52.axb5 Kxb5  0-1

[Event "ch-Commonwealth"]
[Site "Mumbai IND"]
[Date "2004.01.12"]
[Round "3"]
[White "Aswin,J"]
[Black "Girinath,P"]
[Result "1/2-1/2"]
[WhiteElo "2127"]
[BlackElo "2368"]

1.e4 e6 2.d4 d5 3.Nd2 a6 4.c3 c5 5.exd5 exd5 6.Ngf3 c4 7.b3 cxb3 8.axb3 Bd6
9.Bd3 Qe7+ 10.Qe2 Qxe2+ 11.Kxe2 Ne7 12.Ba3 Bxa3 13.Rxa3 Nbc6 14.b4 Rb8 15.Nb3 Bf5
16.Nc5 O-O 17.Rb1 Na7 18.Kd2 Nb5 19.Ra2 Bxd3 20.Kxd3 Rbc8 21.Re1 Ng6 22.g3 b6
23.Na4 Rfd8 24.Rc2 Rd6 25.Rce2 Kf8 26.h4 f6 27.Re6 Rdc6 28.h5 Ne5+ 29.R6xe5 fxe5
30.Nxe5 Rd6 31.Re3 Kg8 32.Rf3 Na3 33.Rf7 Nc4 34.Rb7 Rh6 35.g4 Rf6 36.h6 gxh6
37.Nxc4 dxc4+ 38.Ke4 b5 39.Nc5 Rxf2 40.Nxa6 Rc2 41.Rxb5 Rxc3 42.Rc5 Re8+
43.Kd5 Rd8+ 44.Kc6 Rxd4 45.b5 Rxg4 46.b6 Rg6+ 47.Kb5 Rb3+ 48.Nb4 Rxb6+ 49.Kxb6 Rxb4+
50.Kc6 Kf7 51.Kd5 c3 52.Rxc3 Kf6  1/2-1/2

[Event "ch-Commonwealth"]
[Site "Mumbai IND"]
[Date "2004.01.16"]
[Round "7"]
[White "Balaji,G"]
[Black "Girinath,P"]
[Result "1/2-1/2"]
[WhiteElo "2266"]
[BlackElo "2368"]

1.e4 e6 2.d4 d5 3.Nd2 a6 4.Ngf3 c5 5.exd5 exd5 6.dxc5 Bxc5 7.Bd3 Nf6 8.O-O O-O
9.Nb3 Ba7 10.h3 Nc6 11.Re1 Qd6 12.Be3 Bxe3 13.Rxe3 a5 14.Nbd4 Nxd4 15.Nxd4 Bd7
16.Qd2 Qb6 17.c3 Rfe8 18.Rae1 Rxe3 19.Rxe3 Rd8 20.Bf5 g6 21.Bxd7 Rxd7 22.Ne2 Kg7
23.Re5 Rd6 24.Ng3 Re6 25.Qg5 Rxe5 26.Qxe5 Qxb2 27.Nh5+ gxh5 28.Qg5+ Kf8 29.Qxf6 Qxa2
30.Qd8+  1/2-1/2

[Event "4NCL"]
[Site "West Bromwich ENG"]
[Date "2004.01.17"]
[Round "3"]
[White "Lalic,B"]
[Black "Williams,Si"]
[Result "1/2-1/2"]
[WhiteElo "2518"]
[BlackElo "2396"]

1.d4 e6 2.e4 d5 3.Nd2 Be7 4.Ngf3 Nf6 5.e5 Nfd7 6.Bd3 c5 7.O-O Nc6 8.Re1 g5
9.h3 h5 10.Nf1 cxd4 11.Bb5 g4 12.hxg4 hxg4 13.N3h2 Qb6 14.a4 Nf8 15.Qxg4 Bd7
16.Nf3 O-O-O 17.Bxc6 bxc6 18.a5 Qc7 19.Bd2 Ng6 20.a6 Rdg8 21.Ba5 Qb8 22.Qxd4 Nh4
23.Nxh4 Rxh4 24.Qd3 c5 25.Qb3 Bb5 26.Ng3 Kd7 27.Bd2 Kc6 28.Qf3 Rg7 29.Ra5 Bd8
30.Ra3 Rgh7 31.b3 Kd7 32.c4 Bc6 33.Qd3 Ke8 34.cxd5 Bxd5 35.Ra4 Qxb3 36.Qxb3 Bxb3
37.Rxh4 Rxh4 38.Ne4 Be7 39.f3 Bd5 40.g3 Rh8 41.Be3 Bxe4 42.fxe4 Kd7 43.Rf1  1/2-1/2

[Event "4NCL"]
[Site "West Bromwich ENG"]
[Date "2004.01.18"]
[Round "4"]
[White "Sebag,M"]
[Black "Pert,N"]
[Result "1-0"]
[WhiteElo "2404"]
[BlackElo "2504"]

1.e4 e6 2.d4 d5 3.Nd2 Be7 4.Ngf3 Nf6 5.e5 Nfd7 6.Bd3 c5 7.c3 Nc6 8.O-O a5
9.Re1 a4 10.Nf1 cxd4 11.cxd4 Nb6 12.Ng3 h5 13.Ne2 Bd7 14.Nc3 Na5 15.Rb1 Rc8
16.Ne2 Nc6 17.Bd2 Nb4 18.Bxb4 Bxb4 19.Rf1 Bc6 20.b3 Be7 21.Ne1 axb3 22.axb3 Qd7
23.Nc3 Bb4 24.Rc1 g6 25.Be2 Bxc3 26.Rxc3 Bb5 27.Bxb5 Qxb5 28.Rg3 Nd7 29.Qd2 Qb6
30.f4 Nb8 31.Nf3 Nc6 32.Ng5 Rf8 33.f5 Ne7 34.Nh7 Rh8 35.Qh6 Nxf5 36.Nf6+ Ke7
37.Qg5 Qb5 38.Nxd5+ Kd7 39.Nf4 Ne7 40.Qf6 g5 41.d5  1-0

[Event "TCh-AUT 2003-4"]
[Site "Velden AUT"]
[Date "2004.01.25"]
[Round "7"]
[White "Volkmann,F"]
[Black "Kindermann,S"]
[Result "1/2-1/2"]
[WhiteElo "2457"]
[BlackElo "2542"]

1.e4 e6 2.d4 d5 3.Nd2 Be7 4.Bd3 c5 5.dxc5 Nf6 6.Qe2 O-O 7.Ngf3 a5 8.a4 Na6
9.e5 Nd7 10.Bb5 Ndxc5 11.O-O Nc7 12.Nd4 Nxb5 13.axb5 Bd7 14.c4 a4 15.Rd1 Qc7
16.cxd5 exd5 17.h3 Qb6 18.N2f3 Qg6 19.Kh1 Qe4 20.Bg5 Qxe2 21.Nxe2 Bxg5 22.Nxg5 h6
23.Rxd5 Rfc8 24.Ne4 Nxe4 25.Rxd7 Rc2 26.Nc3 Nxc3  1/2-1/2

[Event "X It Chiuso"]
[Site "Montecatini Terme ITA"]
[Date "2004.01.27"]
[Round "4"]
[White "Trabert,B"]
[Black "Naumkin,I"]
[Result "1/2-1/2"]
[WhiteElo "2247"]
[BlackElo "2416"]

1.e4 e6 2.d4 d5 3.Nd2 a6 4.Ngf3 c5 5.exd5 exd5 6.dxc5 Bxc5 7.Nb3 Ba7 8.Bd3 Nf6
9.Qe2+ Be6 10.Nbd4 O-O 11.Nxe6 fxe6 12.Qxe6+ Kh8 13.O-O Nc6 14.Ng5 Nd4 15.Qh3 Qc8
16.c3 Qxh3 17.Nxh3 Nc6 18.Bf4 Ng4 19.Bg3 d4 20.c4 Bb8 21.Bxb8 Raxb8 22.Ng5 h6
23.Nf3 Rbc8 24.Rad1 Nb4 25.h3 Nf6 26.Bb1 Nh5 27.a3 Rxf3 28.gxf3 Nc6 29.Rfe1 Nf4
30.Kh2 g5 31.b4 Rd8 32.Bd3 Kg7 33.b5 Na5 34.Re7+ Kf6 35.Rh7 Nxd3 36.Rxd3 Nxc4
37.bxa6 bxa6 38.Rxh6+ Kf5 39.Rxa6 Ne5 40.Rd1 d3 41.Kg2 Ng6 42.Ra5+ Kf6 43.Ra6+ Kf5
44.Ra5+ Kf6 45.Ra4 Nf4+ 46.Kh2 Kf5 47.Re4 Rd7 48.a4 Ra7 49.Rd2 Ra8 50.Rb4 Ra7
51.Rd1 Ra8 52.Rd4 Ra7 53.Rb1 Rh7 54.Rb5+ Ke6 55.Re4+ Kf6 56.Rb6+ Kf5 57.Rb5+ Kf6
58.Rxf4+ gxf4 59.Rd5 Ra7 60.Rxd3 Rxa4 61.h4 Ra1 62.Rb3 Kg6 63.Rb4 Kf5 64.Rb5+ Kf6
65.Rb6+ Kf5 66.h5 Kg5 67.h6 Ra7 68.Kh3 Rc7 69.Ra6 Rb7 70.Rc6 Ra7 71.Rb6 Rc7
72.Rb5+ Kxh6 73.Kg4 Rc2 74.Kxf4 Rxf2 75.Rb6+ Kg7 76.Kg4 Kf7 77.f4 Ra2 78.Kg5 Ra1
79.Rb7+ Kf8 80.f5 Ra6 81.Rc7 Rb6 82.Ra7 Rc6 83.Ra8+ Kf7 84.Ra7+ Kf8 85.f6 Rc1  1/2-1/2

[Event "X It Chiuso"]
[Site "Montecatini Terme ITA"]
[Date "2004.01.27"]
[Round "5"]
[White "Sciortino,Mas"]
[Black "Di Caro,C"]
[Result "1-0"]
[WhiteElo "2187"]
[BlackElo "2297"]

1.e4 e6 2.d4 d5 3.Nd2 Be7 4.Ngf3 Nf6 5.e5 Nfd7 6.Bd3 c5 7.c3 Nc6 8.O-O h5
9.Re1 g5 10.dxc5 g4 11.Nd4 Ndxe5 12.Nxc6 Nxc6 13.Nb3 Qc7 14.Be3 e5 15.Qc2 Be6
16.Rad1 O-O-O 17.Bf5 Qd7 18.Bxe6 fxe6 19.Nd2 Qc7 20.Qg6 Kb8 21.b4 d4 22.cxd4 exd4
23.Bh6 Nxb4 24.Qxe6 Bxc5 25.Bg5 Rd7 26.Ne4 Bb6 27.Bf4 Qxf4 28.Qxd7 Rd8 29.Qe7 Nc6
30.Qf6 Qc7 31.Ng5 Qd7 32.Ne6 Re8 33.Qf4+ Kc8 34.Nf8 Qd8 35.Qf5+ Kb8 36.Nd7+ Kc7
37.Nxb6 axb6 38.Qf7+  1-0

[Event "TCh-FRA Nat1 GpB"]
[Site "Cannes FRA"]
[Date "2004.01.30"]
[Round "1"]
[White "Sakelsek,T"]
[Black "Pert,N"]
[Result "1/2-1/2"]
[WhiteElo "2374"]
[BlackElo "2504"]

1.e4 e6 2.d4 d5 3.Nd2 Be7 4.Bd3 c5 5.dxc5 Nf6 6.Qe2 O-O 7.Ngf3 a5 8.O-O Nc6
9.a4 Nb4 10.Nb3 b6 11.e5 Nd7 12.c6 Nxc6 13.Bf4 Nc5 14.Bb5 Nxb3 15.cxb3 Nb4
16.Rac1 Bd7 17.Be3 Bxb5 18.Qxb5 Rb8 19.Rfd1 Rb7 20.Nd4 Qb8 21.Nf3 Qe8 22.Nd4 Qb8
23.Nf3 Qe8 24.Nd4 Qb8 25.Nf3  1/2-1/2

[Event "OSS January It"]
[Site "Oslo NOR"]
[Date "2004.01.30"]
[Round "6"]
[White "Gabrielsen,T"]
[Black "Martinovic,Sa"]
[Result "1-0"]
[WhiteElo "2262"]
[BlackElo "2156"]

1.e4 e6 2.d4 d5 3.Nd2 Be7 4.Ngf3 Nf6 5.e5 Nfd7 6.Bd3 c5 7.c3 Nc6 8.O-O g5
9.dxc5 g4 10.Nd4 Ndxe5 11.N2b3 Bd7 12.Be2 h5 13.f4 Nc4 14.f5 N6e5 15.fxe6 fxe6
16.Bxc4 dxc4 17.Qe2 Nd3 18.Nxe6 Bxe6 19.Qxe6 cxb3 20.Qg6+ Kd7 21.Qxd3+ Kc8
22.Qf5+ Qd7 23.axb3 Qxf5 24.Rxf5 Kd7 25.b4 Ke6 26.Rf1 h4 27.Bf4 Rhf8 28.Rae1+ Kd7
29.Rxe7+  1-0

[Event "TCh-BEL 2003-4"]
[Site "Belgium BEL"]
[Date "2004.02.01"]
[Round "8"]
[White "De Wit,M"]
[Black "Meessen,R"]
[Result "1-0"]
[WhiteElo "2298"]
[BlackElo "2282"]

1.e4 e6 2.d4 d5 3.Nd2 Be7 4.Bd3 c5 5.dxc5 Nf6 6.Qe2 O-O 7.Ngf3 a5 8.h4 h6
9.c3 dxe4 10.Nxe4 Nbd7 11.Nxf6+ Bxf6 12.Qe4 g6 13.Be3 Bg7 14.O-O-O Qc7 15.Qc4 a4
16.h5 g5 17.Bc2 Re8 18.Bxa4 Nb6 19.Qb5 Bd7 20.cxb6 Bxb5 21.bxc7 Bxa4 22.b3 Bc6
23.Bb6 Bxc3 24.Rd8 Bf6 25.Rxe8+ Rxe8 26.Rd1 Bd5 27.Nd4 Be5 28.Nb5 Ra8 29.Bd4 Bxd4
30.Rxd4 Rc8 31.Kd2 Kf8 32.g3 Ke7 33.f4 gxf4 34.Rxf4 Bc6 35.Rxf7+ Kxf7 36.Nd6+ Ke7
37.Nxc8+ Kd7 38.Ne7 Kxc7 39.Nxc6 Kxc6 40.g4 Kd6 41.Ke3 Ke5 42.a4  1-0

[Event "Gibraltar Masters"]
[Site "Catalan Bay ENG"]
[Date "2004.02.03"]
[Round "8"]
[White "Howell,D"]
[Black "Contin,D"]
[Result "1-0"]
[WhiteElo "2304"]
[BlackElo "2394"]

1.e4 e6 2.d4 d5 3.Nd2 Nc6 4.Ngf3 Nf6 5.e5 Nd7 6.Nb3 a5 7.a4 b6 8.Bb5 Na7
9.Be2 Bb7 10.O-O Qc8 11.Ng5 h6 12.Nh3 Ba6 13.f4 g6 14.g4 Bxe2 15.Qxe2 Nc6
16.f5 Qa6 17.Qxa6 Rxa6 18.fxe6 fxe6 19.Nf4 Nd8 20.Nxg6 Rg8 21.Nxf8 Rxg4+
22.Kh1 Nxf8 23.Bxh6 Ng6 24.Rg1 Rxg1+ 25.Rxg1 Ne7 26.Bg5 Ndc6 27.Bf6 Ra8 28.Rg7 Rc8
29.c3 Nf5 30.Rg8+ Kd7 31.Rxc8 Kxc8 32.Kg2 Kd7 33.Kf3 Nce7 34.h4 Ng6 35.h5 Nf8
36.Nc1 Nh7 37.Nd3 Ke8 38.Kf4 Kd7 39.Bg5 Ke8 40.Kg4 Kd7 41.h6 Nf8 42.Nf4 Ne3+
43.Kf3 Nd1 44.Nd3 b5 45.Ke2 Nxb2 46.Nxb2 Kc6 47.Be7 Ng6 48.h7 bxa4 49.Nxa4 Kb5
50.Nb2 a4 51.Ba3 Nh8 52.Kf3 Nf7 53.Kg4 c5 54.Kh5 cxd4 55.cxd4  1-0

[Event "TCh-CZE Extraliga 2003-4"]
[Site "Czech Rep CZE"]
[Date "2004.02.07"]
[Round "6"]
[White "Rasik,V"]
[Black "Cech,P"]
[Result "1/2-1/2"]
[WhiteElo "2472"]
[BlackElo "2397"]

1.e4 e6 2.d4 d5 3.Nd2 a6 4.Ngf3 c5 5.exd5 exd5 6.Be2 Nf6 7.O-O cxd4 8.Re1 Be7
9.Nxd4 O-O 10.Bf3 Nc6 11.Nf1 Nxd4 12.Qxd4 Bf5 13.c3 Be4 14.Bxe4 Nxe4 15.Be3 Bf6
16.Qb4 Qd7 17.Rad1 Qc6 18.Bd4 a5  1/2-1/2

[Event "FSIM February"]
[Site "Budapest HUN"]
[Date "2004.02.09"]
[Round "3"]
[White "Pap,G"]
[Black "Fodor,T jr"]
[Result "1-0"]
[WhiteElo "2226"]
[BlackElo "2130"]

1.e4 e6 2.d4 d5 3.Nd2 Nc6 4.Ngf3 Nf6 5.e5 Nd7 6.Nb3 b6 7.a4 a5 8.Bb5 Ncb8
9.O-O Ba6 10.Re1 c6 11.Bd3 Bxd3 12.Qxd3 Be7 13.Bd2 O-O 14.Nc1 c5 15.c3 Nc6
16.Ne2 Re8 17.Nf4 c4 18.Qc2 Qb8 19.b3 b5 20.Rab1 cxb3 21.Rxb3 b4 22.c4 dxc4
23.Qxc4 Rc8 24.Qe2 Nb6 25.Qe4 Nd7 26.h4 Qb6 27.Nh5 Nf8 28.Qg4 Ng6 29.Ng3 Qa6
30.h5 Nf8 31.Bh6 g6 32.Bxf8 Rxf8 33.hxg6 hxg6 34.Nh4 Bxh4 35.Qxh4 Rfd8 36.Qh6 Rxd4
37.Ne4 Rxe4 38.Rxe4 Nxe5 39.Rh4  1-0

[Event "IV Comunic Masters"]
[Site "Sao Paulo BRA"]
[Date "2004.02.10"]
[Round "9"]
[White "Tsuboi,E"]
[Black "Giaccio,A"]
[Result "1/2-1/2"]
[WhiteElo "2344"]
[BlackElo "2470"]

1.e4 e6 2.d4 d5 3.Nd2 Be7 4.Ngf3 Nf6 5.Bd3 c5 6.exd5 Qxd5 7.Bc4 Qd6 8.dxc5 Qxc5
9.Qe2 O-O 10.O-O Nc6 11.Nb3 Qh5 12.Bf4 b6 13.Ne5 Qxe2 14.Bxe2 Nxe5 15.Bxe5 Bb7
16.Rfd1 Rfd8 17.Kf1 Kf8 18.c4 Rac8 19.Rxd8+ Rxd8 20.Rd1 Rxd1+ 21.Bxd1 Nd7
22.Bc3 f5 23.Nd4 Kf7 24.Bf3 Bxf3 25.Nxf3 Bf6  1/2-1/2

[Event "FSGM February"]
[Site "Budapest HUN"]
[Date "2004.02.12"]
[Round "6"]
[White "Antal,Ge"]
[Black "Porat,S"]
[Result "1-0"]
[WhiteElo "2498"]
[BlackElo "2386"]

1.e4 e6 2.d4 d5 3.Nd2 Be7 4.c3 c5 5.dxc5 Nf6 6.exd5 exd5 7.Nb3 O-O 8.Be3 Be6
9.Nf3 Nbd7 10.Bb5 Rc8 11.Bxd7 Qxd7 12.O-O Ne4 13.Ne5 Qa4 14.Nd3 Qd7 15.Re1 Bf5
16.Qf3 Bf6 17.Bd4 Rc6 18.Bxf6 Rxf6 19.Qe3 h6 20.Nd4 Qc7 21.f3 Ng5 22.Nf4 Be6
23.Nh5 Rg6 24.Kh1 Qc8 25.Ne2 Bd7 26.Nef4 Re8 27.Qf2 Rc6 28.Nxd5 Rce6 29.Rxe6 Rxe6
30.Qd4 f6 31.h4 Qe8 32.Nhxf6+ gxf6 33.hxg5 Qh5+ 34.Kg1 Qxg5 35.Nxf6+ Rxf6
36.Qxd7 Rxf3 37.Rd1 Qxc5+ 38.Rd4 Rf7 39.Qe6 h5 40.Qd5 b6 41.Qxc5 bxc5 42.Rd8+ Kg7
43.Rc8 Rd7 44.Rxc5 Kg6 45.b4 Rd2 46.Ra5 Rc2 47.Rxa7 Kg5 48.Ra3 Kg4 49.b5 Kg3
50.c4+ Kf4 51.b6  1-0

[Event "AS04 Centenary"]
[Site "Copenhagen DEN"]
[Date "2004.02.12"]
[Round "6"]
[White "Paaske,A"]
[Black "Mortensen,H"]
[Result "1-0"]
[WhiteElo "2165"]
[BlackElo "2040"]

1.e4 e6 2.d4 d5 3.Nd2 Nc6 4.Ngf3 Nh6 5.c3 f5 6.exd5 exd5 7.Bd3 Nf7 8.O-O Be7
9.b4 O-O 10.Nb3 Nd6 11.b5 Nb8 12.Ne5 Nd7 13.Bf4 Nf6 14.Qc2 Kh8 15.a4 Be6
16.Rfe1 Nh5 17.Bd2 Ne4 18.f3 Bh4 19.Re2 Nhg3 20.hxg3 Bxg3 21.fxe4 fxe4 22.Be1 Bf4
23.Nc5 exd3 24.Qxd3 Bf5 25.Qf3 Qg5 26.Qxd5 Bh2+ 27.Kxh2 Qh5+ 28.Kg1 Qxe2
29.Nf7+ Rxf7 30.Qxf7 Qe3+ 31.Bf2 Qxc3 32.Re1 Bg6 33.Qxc7  1-0

[Event "X Open"]
[Site "Coria del Rio ESP"]
[Date "2004.02.14"]
[Round "4"]
[White "Korneev,O"]
[Black "Del Rio Angelis,S"]
[Result "1/2-1/2"]
[WhiteElo "2566"]
[BlackElo "2504"]

1.e4 e6 2.d4 d5 3.Nd2 a6 4.Ngf3 c5 5.exd5 exd5 6.Be2 c4 7.O-O Bd6 8.b3 cxb3
9.axb3 Ne7 10.c4 Nbc6 11.cxd5 Nxd5 12.Bc4 Be7 13.Ne4 O-O 14.Ne5 Ncb4 15.Ba3 Be6
16.Qd2 f6 17.Nc5 Bxc5 18.dxc5 fxe5 19.Bxb4 Nf4 20.Bxe6+ Nxe6 21.Qd6 Qxd6
22.cxd6 Nd4 23.Rad1 Rad8 24.f4 Nc6 25.Bc5 Rxf4 26.Rxf4 exf4 27.Kf2 Ne5 28.Bb6 Rd7
29.Rd5 Nf7 30.Bc7 g5 31.h4 h6 32.hxg5 hxg5 33.b4 Kg7 34.b5 axb5 35.Rxb5 Kf6
36.g3 fxg3+ 37.Kxg3 Nxd6 38.Bxd6 Rxd6 39.Rxb7  1/2-1/2

[Event "FSIM February"]
[Site "Budapest HUN"]
[Date "2004.02.17"]
[Round "11"]
[White "Rudolf,A"]
[Black "Galyas,M"]
[Result "0-1"]
[WhiteElo "2199"]
[BlackElo "2436"]

1.e4 e6 2.d4 d5 3.Nd2 a6 4.Bd3 c5 5.c3 cxd4 6.cxd4 Nc6 7.Ngf3 dxe4 8.Nxe4 Be7
9.O-O Nf6 10.Re1 O-O 11.Bb1 Nxe4 12.Rxe4 Bf6 13.a3 e5 14.d5 Be6 15.Ba2 Bf5
16.Re1 Nd4 17.Nxd4 exd4 18.Qf3 Bg6 19.Bd2 Qd7 20.Rac1 Rac8 21.Qb3 h6 22.h3 d3
23.Rxc8 Rxc8 24.Rc1 Rc2 25.Rxc2 dxc2 26.Bc1 Qd6 27.Qc4 Qe5 28.Kf1 Qh2 29.Ke2 Qg1
30.Be3 Qd1+  0-1

[Event "Tringov mem Open"]
[Site "Plovdiv BUL"]
[Date "2004.02.17"]
[Round "2"]
[White "Dochev,D"]
[Black "Pelitov,D"]
[Result "1/2-1/2"]
[WhiteElo "2369"]
[BlackElo "2191"]

1.e4 e6 2.d4 d5 3.Nd2 a6 4.Ngf3 c5 5.exd5 exd5 6.Be2 Nc6 7.O-O Nf6 8.Re1 Be6
9.dxc5 Bxc5 10.Nb3 Bb6 11.Bd3 O-O 12.Be3 Bg4 13.Bxb6 Qxb6 14.Be2 Rfe8 15.c3  1/2-1/2

[Event "ch-CZE junior"]
[Site "Karlovy Vary CZE"]
[Date "2004.02.18"]
[Round "1"]
[White "Priborsky,J"]
[Black "Kanovsky,D"]
[Result "1/2-1/2"]
[WhiteElo "2229"]
[BlackElo "2302"]

1.e4 e6 2.d4 d5 3.Nd2 Be7 4.Bd3 c5 5.dxc5 Nc6 6.Ngf3 Nb4 7.O-O Nxd3 8.cxd3 Nf6
9.e5 Nd7 10.d4 a5 11.b3 b6 12.cxb6 Qxb6 13.Nb1 Ba6 14.Re1 Rc8 15.Ba3 Bxa3
16.Nxa3 O-O 17.Rc1 Rxc1 18.Qxc1 Rc8 19.Qb2 Qc7 20.b4 Qc3 21.Qxc3 Rxc3 22.b5 Bb7
23.Re3 Rc1+ 24.Re1 Rc3 25.Re3  1/2-1/2

[Event "5th Montenegro Open"]
[Site "Sozina SCG"]
[Date "2004.02.19"]
[Round "2"]
[White "Stojanovic,Da"]
[Black "Brakus,D"]
[Result "1-0"]
[WhiteElo "2440"]
[BlackElo "2019"]

1.e4 e6 2.d4 d5 3.Nd2 Nc6 4.Ngf3 Nf6 5.e5 Nd7 6.Bb5 f6 7.O-O Be7 8.Nb3 O-O
9.exf6 Nxf6 10.Qe2 Ne4 11.Bd3 Nd6 12.Bd2 a5 13.a4 Nb4 14.Bxb4 axb4 15.Nc5 Rxf3
16.Qxf3 Bf6 17.Nb3 Bd7 18.a5 Qe7 19.c3 bxc3 20.bxc3 Rd8 21.Qe2 e5 22.f3 e4
23.fxe4 dxe4 24.Bc4+ Kh8 25.Nc5 Bc6 26.Rab1 Ra8 27.Ra1 b6 28.axb6 Rxa1 29.Rxa1 cxb6
30.Na6 h6 31.Nb4 Qb7 32.Be6  1-0

[Event "Premier"]
[Site "Portsmouth ENG"]
[Date "2004.02.20"]
[Round "1"]
[White "Hunt,H"]
[Black "Pye,D"]
[Result "1-0"]
[WhiteElo "2392"]
[BlackElo "2132"]

1.e4 e6 2.d4 d5 3.Nd2 Nc6 4.Ngf3 Nf6 5.e5 Nd7 6.Bb5 Ncb8 7.O-O b6 8.Qe2 c6
9.Bd3 Be7 10.Rd1 a5 11.c4 Bb7 12.Nf1 Na6 13.a3 dxc4 14.Bxc4 Nc7 15.Qe4 Nd5
16.Qg4 g6 17.Bh6 b5 18.Bd3 Qb6 19.Ng3 c5 20.Ne4 cxd4 21.Bg5 f5 22.exf6 N5xf6
23.Nxf6+ Nxf6 24.Qxd4 Qxd4 25.Nxd4 Kf7 26.Bxb5 Rhd8 27.Bc4 Bd5 28.Be2 Rab8
29.Nb5 Bb3 30.Rxd8 Rxd8 31.Rc1 Ne4 32.Be3 Bf6 33.f3 Nd6 34.Bb6 Rd7 35.Rc7 Ke7
36.Bc5 Be5 37.Rc6 Ba4 38.Rb6 Bxb5 39.Bxb5 Rc7 40.b4 Rxc5 41.bxc5 Bd4+ 42.Kf1 Bxc5
43.Ra6 Bxa3 44.Rxa5 Bc5 45.Bd3 Bd4 46.Ke2 Kf6 47.g4 h6 48.h4 e5 49.Ra6  1-0

[Event "5th Montenegro Open"]
[Site "Sozina SCG"]
[Date "2004.02.23"]
[Round "6"]
[White "Jicman,L"]
[Black "Brakus,D"]
[Result "0-1"]
[WhiteElo "2248"]
[BlackElo "2019"]

1.e4 e6 2.d4 d5 3.Nd2 Nc6 4.Ngf3 Nf6 5.e5 Nd7 6.c3 f6 7.exf6 Qxf6 8.Bb5 Bd6
9.Nf1 e5 10.Ne3 exd4 11.cxd4 Nb6 12.O-O O-O 13.a3 Be6 14.Bd3 Rf7 15.Bc2 Raf8
16.Qd3 g6 17.Bd2 Qe7 18.Rfe1 Rxf3 19.gxf3 Qh4 20.Nf1 Bf5 21.Qc3 Bxc2 22.Qxc2 Nxd4
23.Qd3 Nxf3+ 24.Kg2 Nxh2 25.Qe3 d4 26.Qe6+ Kg7 27.f4 Ng4 28.Re2 Rf7 29.Rae1 Bxf4
30.Bxf4 Rxf4 31.Qe7+ Qxe7 32.Rxe7+ Rf7 33.R7e4 h5 34.Rxd4 Kh6 35.Re2 Rd7
36.Rde4 Nd5  0-1

[Event "1st Balagne Open"]
[Site "Calvi FRA"]
[Date "2004.02.25"]
[Round "6"]
[White "Ginsburg,G"]
[Black "Barsov,A"]
[Result "1-0"]
[WhiteElo "2486"]
[BlackElo "2524"]

1.e4 e6 2.d4 d5 3.Nd2 a6 4.Ngf3 Nf6 5.Bd3 c5 6.e5 Nfd7 7.c4 cxd4 8.cxd5 Nc5
9.Bb1 Qxd5 10.b4 Ncd7 11.Be4 Qb5 12.a4 Qb6 13.Nc4 Qc7 14.Bd2 Nb6 15.Rc1 Nxc4
16.Qe2 Bd7 17.Rxc4 Nc6 18.O-O Qb6 19.a5 Qb5 20.Bxc6 bxc6 21.Nxd4 Qd5 22.Rfc1 c5
23.bxc5 Bxc5 24.Rxc5 Qxd4 25.Be3 Qa4 26.R5c4 Qxa5 27.Bc5 Bb5 28.Qe4 Rc8 29.R4c2 h6
30.Qh4 Rxc5 31.Rxc5 O-O 32.Rc8 Re8 33.h3 Qa3 34.Rxe8+ Bxe8 35.Rc8 Kf8 36.Qd4 Qe7
37.Qd6 a5 38.Rc7  1-0

[Event "1st Balagne Open"]
[Site "Calvi FRA"]
[Date "2004.02.28"]
[Round "9"]
[White "Karpatchev,A"]
[Black "Barsov,A"]
[Result "1-0"]
[WhiteElo "2461"]
[BlackElo "2524"]

1.e4 e6 2.d4 d5 3.Nd2 Be7 4.Bd3 c5 5.dxc5 Nf6 6.Qe2 O-O 7.Ngf3 a5 8.O-O Na6
9.e5 Nd7 10.Nb3 a4 11.Nbd4 Ndxc5 12.a3 Bd7 13.Bf4 h6 14.c3 Nxd3 15.Qxd3 Nc5
16.Qc2 Kh8 17.Rad1 Rg8 18.Bc1 Rc8 19.Rfe1 Bf8 20.Qd2 f5 21.exf6 gxf6 22.Nh4 Qe8
23.Qe2 Qf7 24.g3 Ne4 25.f3 Nd6 26.f4 Re8 27.Qf3 e5 28.fxe5 fxe5 29.Qxf7 Nxf7
30.Nc2 Bc6 31.Nb4 Bc5+ 32.Be3 d4 33.cxd4 exd4 34.Bf2 Rxe1+ 35.Rxe1 Ng5 36.Nxc6 Nh3+
37.Kg2 Nxf2 38.Kxf2 d3+ 39.Kf3 bxc6 40.Rd1 Rd8 41.Ng6+ Kh7 42.Nf4 Rb8 43.Nxd3 Bd4
44.Rd2 c5 45.Ke4 Bg1 46.Kd5 Rd8+ 47.Kc4 Kg7 48.Rg2 Be3 49.Re2 Bg1 50.Nf4 Kf7
51.Nd5 Bd4 52.Nb6  1-0

[Event "ch-BRA"]
[Site "Rio de Janeiro BRA"]
[Date "2004.02.28"]
[Round "4"]
[White "Bil,A"]
[Black "Rios Filho,H"]
[Result "1/2-1/2"]
[WhiteElo "2075"]
[BlackElo "2238"]

1.e4 e6 2.d4 d5 3.Nd2 Nc6 4.Ngf3 Nf6 5.e5 Nd7 6.Nb3 a5 7.a4 Be7 8.Bb5 Ncb8
9.O-O b6 10.Bxd7+ Bxd7 11.Bf4 O-O 12.Qd2 Qe8 13.h4 Bxa4 14.Nc1 f5 15.exf6 gxf6
16.Bxc7 Qc6 17.Qc3 Bxc2 18.Bxb6 Qxc3 19.bxc3 Nc6  1/2-1/2

[Event "20th Open"]
[Site "Cappelle la Grande FRA"]
[Date "2004.03.01"]
[Round "4"]
[White "Mista,A"]
[Black "Petit,E1"]
[Result "1-0"]
[WhiteElo "2521"]
[BlackElo "2246"]

1.e4 e6 2.d4 d5 3.Nd2 Nc6 4.Ngf3 Nf6 5.e5 Nd7 6.Nb3 Be7 7.h4 f6 8.Bb5 a5
9.exf6 Bxf6 10.a4 O-O 11.Bg5 Qe7 12.Qe2 e5 13.Bxc6 bxc6 14.dxe5 Nxe5 15.O-O-O Nxf3
16.Qxe7 Bxe7 17.Bxe7 Re8 18.Bc5 Ne5 19.Rhe1 Bf5 20.Re3 Ng4 21.Rxe8+ Rxe8
22.Kd2 Nf6 23.f3 Nd7 24.g4 Bg6 25.h5 Bf7 26.Re1 Rb8 27.Re7  1-0

[Event "20th Open"]
[Site "Cappelle la Grande FRA"]
[Date "2004.03.04"]
[Round "7"]
[White "Timofeev,Ar"]
[Black "Arencibia,W"]
[Result "1-0"]
[WhiteElo "2578"]
[BlackElo "2508"]

1.e4 e6 2.d4 d5 3.Nd2 Be7 4.Ngf3 Nf6 5.Bd3 c5 6.e5 Nfd7 7.c3 Nc6 8.O-O h5
9.Re1 g5 10.dxc5 g4 11.Nd4 Ndxe5 12.Bb5 Bd7 13.N2b3 Ng6 14.c4 a6 15.Bxc6 bxc6
16.Bd2 e5 17.Ba5 Qb8 18.cxd5 cxd5 19.c6 Bc8 20.c7 Qb7 21.Rc1 Bd7 22.Nc5 Bxc5
23.Rxc5 O-O 24.Qb3 Qxb3 25.Nxb3 Be6 26.Rc6 Rfe8 27.Nc5 e4 28.Nxe6 fxe6 29.Rec1 Rec8
30.Rd6 Ne5 31.Rxe6 Nc4 32.Rxc4 dxc4 33.Rxe4 c3 34.Rb4 Re8 35.Kf1 cxb2 36.Rxb2 Kf7
37.g3 Ke6 38.Rd2 Kf5 39.Kg2 Rac8 40.Rd5+ Re5 41.Rd8 Re8 42.Bb6 Ra8 43.a4 Rc8
44.a5 Ra8 45.f3 gxf3+ 46.Kxf3 Rc8 47.Kg2 h4 48.gxh4 Kg4 49.Rxe8 Rxe8 50.Bf2 Kf4
51.Bg3+ Kf5 52.Kf3 Kg6 53.Kg2 Kf5 54.Kh3 Kg6 55.Kg2 Re4 56.Kh3 Re8 57.h5+ Kh6
58.Kh4 Rc8 59.Bd6  1-0

[Event "ch-PERw"]
[Site "Lima PER"]
[Date "2004.03.08"]
[Round "4.1"]
[White "Zapata,K"]
[Black "Morales Mendoza,L"]
[Result "1-0"]
[WhiteElo "2167"]
[BlackElo "2120"]

1.e4 e6 2.d4 d5 3.Nd2 Be7 4.Bd3 c5 5.dxc5 Bxc5 6.Qg4 Nf6 7.Qe2 Nc6 8.Ngf3 Nb4
9.O-O Nxd3 10.Qxd3 O-O 11.e5 Ne8 12.Nb3 Be7 13.c4 Nc7 14.Be3 dxc4 15.Qxc4 Bd7
16.Qg4 Re8 17.Nc5 Bc6 18.Rfd1 Nd5 19.Bh6 Bf8 20.Ne4 Kh8 21.Nd6 Re7 22.Bg5 f6
23.exf6 Qxd6 24.fxe7 Bxe7 25.Bxe7 Qxe7 26.Re1 Re8 27.Ng5 e5 28.Rxe5  1-0

[Event "TCh-FIN 2003-4"]
[Site "Finland FIN"]
[Date "2004.03.13"]
[Round "8"]
[White "Ristoja,T"]
[Black "Tolonen,M"]
[Result "1/2-1/2"]
[WhiteElo "2219"]
[BlackElo "2254"]

1.e4 e6 2.d4 d5 3.Nd2 Nc6 4.Ngf3 Nf6 5.e5 Nd7 6.Nb3 a5 7.a4 Be7 8.Bb5 Na7
9.Bd3 b6 10.Bd2 c5 11.dxc5 Nxc5 12.Nxc5 bxc5 13.b3 Nc6 14.O-O  1/2-1/2

[Event "TCh-FIN 2003-4"]
[Site "Finland FIN"]
[Date "2004.03.14"]
[Round "9"]
[White "Maki,V"]
[Black "Lehtivaara,R"]
[Result "1-0"]
[WhiteElo "2390"]
[BlackElo "2178"]

1.e4 e6 2.d4 d5 3.Nd2 Nc6 4.Ngf3 Nf6 5.e5 Nd7 6.Nb3 f6 7.Bb5 a5 8.a4 Be7
9.exf6 Bxf6 10.O-O Qe7 11.Bf4 Nf8 12.Ne5 Bxe5 13.Bxe5 Ng6 14.Bg3 O-O 15.Qd2 Nb4
16.c3 Nc6 17.Bxc6 bxc6 18.Rfe1 Rf5 19.Re3 h5 20.h3 h4 21.Bh2 Ra7 22.Rae1 Qg5
23.Qe2 Rf6 24.Nc5 Nf8 25.Re5 Rf5 26.Re3 Rf6 27.Qc2 Rg6 28.f4 Qh6 29.f5 exf5
30.Re8 Ra8 31.Rd8 f4 32.Bxf4 Qxf4 33.Rxf8+ Qxf8 34.Qxg6 Bf5 35.Qxc6  1-0

[Event "4NCL"]
[Site "West Bromwich ENG"]
[Date "2004.03.21"]
[Round "6"]
[White "Arkell,K"]
[Black "Plaskett,J"]
[Result "0-1"]
[WhiteElo "2531"]
[BlackElo "2483"]

1.d4 e6 2.e4 d5 3.Nd2 Nc6 4.Ngf3 Nf6 5.e5 Nd7 6.c4 Be7 7.cxd5 exd5 8.Bb5 O-O
9.O-O a5 10.Re1 Re8 11.Nf1 Nf8 12.h3 Bd7 13.Bd3 f6 14.a3 fxe5 15.dxe5 Be6
16.Ng3 Qd7 17.Bb5 Ng6 18.Nd4 Rf8 19.Qa4 Bc5 20.Be3 Bxd4 21.Bxd4 Bxh3 22.e6 Bxe6
23.Rac1 Qf7 24.Bxc6 bxc6 25.Qxc6 Nf4 26.Rc3 Rac8 27.Qc5 h5 28.Rf3 Qg6 29.Qc6 Rce8
30.Be3 Nxg2 31.Rxf8+ Rxf8 32.Kxg2 Bh3+ 33.Kxh3 Qxc6 34.Nxh5 d4  0-1